A first course in analysis (Record no. 18515)
[ view plain ]
| 000 -LEADER | |
|---|---|
| fixed length control field | 00394nam a22001457a 4500 |
| 008 - FIXED-LENGTH DATA ELEMENTS--GENERAL INFORMATION | |
| fixed length control field | 200921b xxu||||| |||| 00| 0 eng d |
| 020 ## - INTERNATIONAL STANDARD BOOK NUMBER | |
| International Standard Book Number | 9814417853 |
| 050 ## - LIBRARY OF CONGRESS CALL NUMBER | |
| Classification number | QA300 |
| Item number | .Y38 2013 c.1 |
| 100 ## - MAIN ENTRY--PERSONAL NAME | |
| Personal name | Yau, Donald |
| 245 ## - TITLE STATEMENT | |
| Title | A first course in analysis |
| Statement of responsibility, etc. | Donald Yau |
| 260 ## - PUBLICATION, DISTRIBUTION, ETC. (IMPRINT) | |
| Place of publication, distribution, etc. | New Jersey |
| Name of publisher, distributor, etc. | World Scientific |
| Date of publication, distribution, etc. | 2013 |
| 300 ## - PHYSICAL DESCRIPTION | |
| Extent | x,195p. |
| 650 ## - SUBJECT ADDED ENTRY--TOPICAL TERM | |
| Topical term or geographic name as entry element | Mathematical analysis |
| 942 ## - ADDED ENTRY ELEMENTS (KOHA) | |
| Source of classification or shelving scheme | Library of Congress Classification |
| Koha item type | General Collection |
| Withdrawn status | Lost status | Source of classification or shelving scheme | Not for loan | Home library | Current library | Date acquired | Cost, normal purchase price | Total Checkouts | Total Renewals | Full call number | Barcode | Date last seen | Date last checked out | Price effective from | Koha item type |
|---|---|---|---|---|---|---|---|---|---|---|---|---|---|---|---|
| Library of Congress Classification | Kabarak, Main Campus | Kabarak, Main Campus | 21/09/2020 | 4599.00 | 10 | 1 | QA300 .Y38 2013 c.1 | 028540 | 17/04/2023 | 04/04/2023 | 21/09/2020 | General Collection | |||
| Library of Congress Classification | Kabarak, Main Campus | Kabarak, Main Campus | 21/09/2020 | 4599.00 | 6 | 1 | QA300 .Y38 2013 c.2 | 028541 | 25/11/2024 | 08/11/2024 | 21/09/2020 | General Collection | |||
| Library of Congress Classification | Kabarak, Nakuru City Campus | Kabarak, Nakuru City Campus | 21/09/2020 | 4599.00 | QA300 .Y38 2013 c.1 | 028542 | 21/09/2020 | 21/09/2020 | General Collection |